Queueing systems Vol 1: Theory (Record no. 11720)

000 -LEADER
fixed length control field 00804cam a2200253 4500
001 - CONTROL NUMBER
control field 3150584
005 - DATE AND TIME OF LATEST TRANSACTION
control field 20170105102346.0
008 - FIXED-LENGTH DATA ELEMENTS--GENERAL INFORMATION
fixed length control field 740521m19741976nyua 001 0 eng
010 ## - LIBRARY OF CONGRESS CONTROL NUMBER
LC control number 74009846
020 ## - INTERNATIONAL STANDARD BOOK NUMBER
International Standard Book Number 0471491101 (v. 1)
040 ## - CATALOGING SOURCE
Original cataloging agency DLC
Transcribing agency DLC
Modifying agency DLC
050 00 - LIBRARY OF CONGRESS CALL NUMBER
Classification number T57.9
Item number .K6
082 00 - DEWEY DECIMAL CLASSIFICATION NUMBER
Classification number 519.82
100 1# - MAIN ENTRY--PERSONAL NAME
Personal name Kleinrock, Leonard.
245 10 - TITLE STATEMENT
Title Queueing systems Vol 1: Theory
Statement of responsibility, etc. Leonard Kleinrock
260 ## - PUBLICATION, DISTRIBUTION, ETC.
Place of publication, distribution, etc. New York,
Name of publisher, distributor, etc. Wiley
Date of publication, distribution, etc. [1975-1976]
300 ## - PHYSICAL DESCRIPTION
Extent xviii, 417p. :
Other physical details illus.
Dimensions 24 cm.
500 ## - GENERAL NOTE
General note "A Wiley-Interscience publication."
505 0# - FORMATTED CONTENTS NOTE
Formatted contents note v. 1. Theory.--v. 2. Computer applications.
650 #0 - SUBJECT ADDED ENTRY--TOPICAL TERM
Topical term or geographic name entry element Queuing theory.
856 4# - ELECTRONIC LOCATION AND ACCESS
Materials specified Table of Contents
Uniform Resource Identifier <a href="http://www.loc.gov/catdir/toc/onix05/74009846.html">http://www.loc.gov/catdir/toc/onix05/74009846.html</a>
906 ## - LOCAL DATA ELEMENT F, LDF (RLIN)
a 7
b cbc
c orignew
d 1
e ocip
f 19
g y-gencatlg
942 ## - ADDED ENTRY ELEMENTS (KOHA)
Source of classification or shelving scheme
Koha item type Book
Holdings
Withdrawn status Lost status Damaged status Not for loan Collection code Permanent Location Current Location Shelving location Date acquired Source of acquisition Cost, normal purchase price Total Checkouts Full call number Barcode Date last seen Date last checked out Price effective from Koha item type
          Central Library (CL) Central Library (CL) General Stacks 04/09/2013 Progressive International Agencies 12601.50 1 519.82 KLE SEECS012240 01/11/2019 04/13/2014 04/15/2013 Book
          Central Library (CL) Central Library (CL) General Stacks 04/09/2013 Progressive International Agencies 12601.50   519.82 KLE SEECS012241 01/11/2019   04/15/2013 Book
          Central Library (CL) Central Library (CL) General Stacks 04/09/2013 Progressive International Agencies 12601.50   519.82 KLE SEECS012242 01/11/2019   04/15/2013 Book
© 2023 Central Library, National University of Sciences and Technology. All Rights Reserved.